zpět

Detail výsledku týmu

Dno pytle - Vinohrady, Praha

Datum a čas kvízu

21.5 Celkem bodů Celkový počet nahraných bodů na tomto kvízu bez doplňovacích otázek.
8. Pořadí na kvízu Konečné umístění týmu na tomto kvízu.

Zaznamenané odpovědi

# Otázka Odpověď Body Výsledky
1. Ministryně obrany v demisi Kar... 1
2. Prostořeký prezident USA Donal... 0
3. Ve středu 17. ledna byly oznám... 0
4. Britové na sociálních sítích k... 0
5. Ve 37 letech ukončil kariéru f... 1
6. Abychom se mohli ohřát u ohně,... 0
7. Pták Ohnivák je slavný pohádko... 0
8. Ohňová země je souostroví u ji... 0
5. Napište název jevu související... 0
5. Ohněm a mečem je román polskéh... 1